Labour Market Needs and Migration Policy Options: Towards More Dynamic Labour Markets

Salvato in:
Dettagli Bibliografici
Autore principale: Kahanec, Martin, 1977-
Natura: Capitolo di libro
Lingua:inglese
Tags: Aggiungi Tag
Nessun Tag, puoi essere il primo ad aggiungerne!!

MARC

LEADER 00000naa$a2200000$$$4500
001 0307389
005 20250228111728.1
041 0 |a eng 
044 |a BE 
245 1 0 |a Labour Market Needs and Migration Policy Options: Towards More Dynamic Labour Markets  |c Martin Kahanec 
100 1 |a Kahanec, Martin, 1977-